000 00424nmm a2200157Ia 4500
008 251105s9999||||xx |||||||||||||||||und||
020 _a9788496831346
041 _aspa
100 _aSoler Puig, José
245 0 _aBertillón 166
264 _a[Madrid, España] :
_bMontesinos,
_c2007
300 _a192 páginas
650 _aSpanish narrative
856 _uhttps://public.digitaliapublishing.com/a/24382
942 _cCF
999 _c90137
_d90137